00905nam a2200277 a 4500001001300000003000900013005001700022008004100039020002300080082001800103100001800121245008000139260005100219300000900270500003500279505002000314650003800334650003100372650002100403650003600424700001800460902000800478942000700486952011900493999001500612nice12345678IN_TiNIC20260116012305.0050524s1994 wasa grp 000 0 eng  a1878379 c10000a954.9303bLIT aLittle, David aSri Lanka, the Invention of Enmity, Series on Religion, Nationalism & Intol aWashingtonbUnited States Inst. of Peacec1994 a175p aincludes index and biblioraphy2 aAppendix, Index aSri Lanka-Politics and Government aSri Lanka-Ethnic Relations aTamils-Sri Lanka aBuddhism and Politics-Sri Lanka1 aLittle, David bSRS cBK 001040708StackRoom-aHMIbHMId2008-09-01g100.00l0o954.9303 LITp014734r2008-09-01v100.00w2005-05-24yBK c6411d6411